ការប្រកួតរបស់យូឡាន / (Record no. 1247)

MARC details
000 -LEADER
fixed length control field 01788nam a22002897a 4500
005 - DATE AND TIME OF LATEST TRANSACTION
control field 20230809113428.0
020 ## - INTERNATIONAL STANDARD BOOK NUMBER
International Standard Book Number 9789924341178
040 ## - CATALOGING SOURCE
Original cataloging agency FISKH
Language of cataloging eng
Transcribing agency FISKH
Modifying agency FISKH
082 ## - DEWEY DECIMAL CLASSIFICATION NUMBER
Classification number 813.5082
100 ## - MAIN ENTRY--PERSONAL NAME
Personal name Chan
245 ## - TITLE STATEMENT
Title ការប្រកួតរបស់យូឡាន /
Statement of responsibility, etc. និពន្ធ និងគូរូបដោយ ច័ន ; បកប្រែពីភាសាបារាំងដោយ អ៊ូច សូលីដា
250 ## - EDITION STATEMENT
Edition statement គ្រឹះស្ថានបោះពុម្ពផ្សាយ Sipar កក្កដា ២០២១
260 ## - PUBLICATION, DISTRIBUTION, ETC.
Place of publication, distribution, etc. Phnom Penh :
Name of publisher, distributor, etc. Sipar,
Date of publication, distribution, etc. 2021.
300 ## - PHYSICAL DESCRIPTION
Extent 25 pages :
Other physical details color illustrations ;
Dimensions 26 cm
490 ## - SERIES STATEMENT
Series statement រឿងដំបូងៗ
505 ## - FORMATTED CONTENTS NOTE
Formatted contents note K <br/>
520 ## - SUMMARY, ETC.
Summary, etc. នៅតាមដងទន្លេយ៉ាងជឺ យូឡានហាត់ក្បាច់គុន ហើយចង់ក្លាយជាអ្នកខ្លាំង។ គេបានទៅរកលោកគ្រូឈិនឡុង ហើយបានទទួលជ័យជំនះ ដោយពុះភ្នំបែកជាពីរដោយដៃទទេ។
520 ## - SUMMARY, ETC.
Summary, etc. Along the Yangtze River, Youlan practiced martial arts and wanted to be the strongest. He went to find Jackie Chan and won him by splitting the mountain into two with his bare hands.
521 ## - TARGET AUDIENCE NOTE
Target audience note 510 <br/>
Source Lexile estimate
521 ## - TARGET AUDIENCE NOTE
Target audience note K <br/>
Source Raz-Plus <br/>
650 ## - SUBJECT ADDED ENTRY--TOPICAL TERM
Topical term or geographic name entry element ការប្រកួតប្រជែង
Form subdivision កម្លាំងពិសេស
General subdivision ក្បាច់គុនកុងហ្វូ
Chronological subdivision ភ្នំ​
650 ## - SUBJECT ADDED ENTRY--TOPICAL TERM
Topical term or geographic name entry element Competition
Form subdivision Supernatural power
General subdivision Martial arts
Chronological subdivision Mountain
700 ## - ADDED ENTRY--PERSONAL NAME
Personal name Chan
Titles and other words associated with a name illustrator
942 ## - ADDED ENTRY ELEMENTS (KOHA)
Source of classification or shelving scheme Dewey Decimal Classification
Koha item type Books
Suppress in OPAC No
999 ## -
-- 1247
-- 1247
Holdings
Withdrawn status Lost status Source of classification or shelving scheme Damaged status Not for loan Collection Home library Current library Shelving location Date acquired Total Checkouts Full call number Barcode Date last seen Date last checked out Copy number Price effective from Koha item type
    Dewey Decimal Classification     Khmer Language Books / សៀវភៅភាសាខ្មែរ Footprints International School Library Network Toul Kork Campus Footprints International School Library Network Toul Kork Campus TK Campus, Room B402, Khmer Book Case 16, Shelves 112-123 / ទូរសៀវភៅខ្មែរលេខ ១៦​ ធ្នើរ ១១២ ដល់ ១២៣ បន្ទប់ B402 សាខាទួលគោក 08/09/2023 2 CHAN 813.5082 2023-0219 03/20/2026 03/11/2026 1 08/09/2023 Books
    Dewey Decimal Classification     Khmer Language Books / សៀវភៅភាសាខ្មែរ Footprints International School Library Network Toul Kork Campus Footprints International School Library Network Toul Kork Campus TK Campus, Room B402, Khmer Book Case 16, Shelves 112-123 / ទូរសៀវភៅខ្មែរលេខ ១៦​ ធ្នើរ ១១២ ដល់ ១២៣ បន្ទប់ B402 សាខាទួលគោក 08/09/2023 2 CHAN 813.5082 2023-0220 11/13/2025 08/22/2025 2 08/09/2023 Books